000 00466nam a22001817a 4500
999 _c525626
_d525626
003 NUST
005 20190703094706.0
038 _aFaiza
082 _a297.4
_bAME
100 _aAmeen Ul Din
_916548
245 _aSofiay Naqshband /
_cAmeen Ul Din
260 _aLahore:
_bMaqbool Academy,
_c1984.
300 _a372p. ;
500 _aHard Cover
880 _6100-01\r
_aامین الدین
880 _6245-02\r
_a /صوفیاےْ نقشبندی
942 _2ddc
_cBK